Score 0/20 Timer 02:00
4 Plays Today
Name a US President Who... President % Correct
Was assassinatedAbraham Lincoln
99.7%
Shares a last name with another US presidentJohn Adams
94.6%
Is on Mt. RushmoreTheodore Roosevelt
94.5%
Was born in the 20th CenturyGeorge H. W. Bush
90.1%
Has a last name beginning with 'A'John Adams
89.9%
Is still aliveBarack Obama
86.7%
Resigned from officeRichard Nixon
86.7%
Has the first name JamesJames K. Polk
85.3%
Has his face on paper US currencyGeorge Washington
84%
Was born west of the Mississippi RiverHerbert Hoover
82.5%
Name a US President Who... President % Correct
Served three full terms in officeFranklin D. Roosevelt
81.5%
Has an alliterative nameWoodrow Wilson
66.9%
Has won the Nobel Peace PrizeTheodore Roosevelt
65.7%
Died on July 4Thomas Jefferson
60.2%
Was younger than 45 when he took officeJohn F. Kennedy
60.1%
Has a last name ending in 'e'Millard Fillmore
58%
Was part of the Whig partyZachary Taylor
51.4%
Got married while in officeJohn Tyler
39.2%
Wasn't marriedJames Buchanan
32.9%
Was born in JanuaryMillard Fillmore
18.8%
Remove Ads.
Support Sporcle.
Get the best of Sporcle when you Go Orange. This ad-free experience offers more features, more stats, and more fun while also helping to support Sporcle. Thank you for becoming a member.

You're not logged in!

Compare scores with friends on all Sporcle quizzes.
OR
Log In

Show Comments

Extras

Top Quizzes Today


Score Distribution

Your Account Isn't Verified!

In order to create a playlist on Sporcle, you need to verify the email address you used during registration. Go to your Sporcle Settings to finish the process.

Report this User

Report this user for behavior that violates our Community Guidelines.

Details: